[Event "I Torneo Cerrado Gipuzkoa Kirolak"]
[Site "Donostia"]
[Date "2010.12.29"]
[Round "6"]
[Board "1"]
[White "Martin Alvarez, Inigo"]
[Black "Argandona Riveiro, Inigo"]
[Result "1/2-1/2"]
[WhiteElo "2292"]
[BlackElo "2397"]
[PlyCount "0"]
[EventDate "2010.12.26"]
[EventRounds "9"]
[EventCountry "ESP"]

1.e4 c5 2.Nf3 Nc6 3.d4 cxd4 4.Nxd4 e5 5.Nb5 d6 6.N1c3 a6 7.Na3 b5 8.Nd5 Nce7
9.Nxe7 Bxe7 10.c4 Nf6 11.f3 O-O 12.Be3 Be6 13.Be2

[Event "I Torneo Cerrado Gipuzkoa Kirolak"]
[Site "Donostia"]
[Date "2010.12.29"]
[Round "6"]
[Board "1"]
[White "Etchegaray, Patrice"]
[Black "Kovacevic, Slobodan"]
[Result "1-0"]
[WhiteElo "2382"]
[BlackElo "2330"]
[PlyCount "0"]
[EventDate "2010.12.26"]
[EventRounds "9"]
[EventCountry "ESP"]

1.e4 c5 2.Nf3 e6 3.d4 cxd4 4.Nxd4 a6 5.Bd3 Nf6 6.O-O d6 7.c4 Be7 8.Nc3 O-O 9.Qe2
b6 10.b3 Bb7 11.Bb2 Nc6 12.Nxc6 Bxc6 13.Rad1 Qc7 14.f4 g6 15.Rf3 Rfe8 16.Rh3 Nd7
17.Kh1 Bf6 18.Bb1 Rad8 19.Qc2 Bb7 20.Qd2 Be7 21.f5 Bf8 22.Qg5 Bg7 23.Rf1 exf5
24.exf5 Nf8 25.Nd5 Bxd5 26.Bxg7 Bxg2+ 27.Kxg2 Re2+ 28.Rf2 Qc6+ 29.Kf1 Rxf2+
30.Kxf2 Qc5+ 31.Re3 Re8 32.Bxf8 Rxf8 33.Qf6 b5 34.cxb5 axb5 35.Qc3 Qb6 36.Ke2 b4
37.Qc4 Kg7 38.Qf4 Qa6+ 39.Kf2 Qb6 40.f6+ Kh8 41.Qh6 Rg8 42.Kg2 Qd4 43.Qxh7+

[Event "I Torneo Cerrado Gipuzkoa Kirolak"]
[Site "Donostia"]
[Date "2010.12.29"]
[Round "6"]
[Board "1"]
[White "Gonzalez De La Torre, Santiago"]
[Black "Del Rey, Diego"]
[Result "1-0"]
[WhiteElo "2412"]
[BlackElo "2374"]
[PlyCount "0"]
[EventDate "2010.12.26"]
[EventRounds "9"]
[EventCountry "ESP"]

1.e4 e5 2.Nf3 Nf6 3.Nxe5 d6 4.Nf3 Nxe4 5.d4 d5 6.Bd3 Nd6 7.O-O Be7 8.Bf4 O-O
9.c3 Nd7 10.Qc2 g6 11.Na3 Nf6 12.Rae1 Nh5 13.Bh6 Ng7 14.Bxg7 Kxg7 15.Qe2 Bf5
16.Nc2 Be4 17.Bxe4 Nxe4 18.Ne5 Re8 19.Ne3 c6 20.f3 Nd6 21.Qd2 f5 22.Kh1 Bf6
23.b3 Bg5 24.Qd3 f4 25.N3g4 Nf5 26.Re2 Bh4 27.Kg1 Qg5 28.Nf2 Bxf2+ 29.Rfxf2 Ne3
30.Re1 Re7 31.Rfe2 Rae8 32.c4 dxc4 33.Nxc4 Re6 34.g3 Kf7 35.Nxe3 fxe3 36.f4 Qa5
37.Qc4 Kf6 38.Kg2 Re4 39.Qc5 Qc7 40.d5 Qd7 41.Qc3+ Kf7 42.dxc6 Qd5 43.Kg1 bxc6
44.Rxe3 Rxe3 45.Rxe3 Qd1+ 46.Kg2 Rd8 47.Rf3 Rd5 48.Rf2 c5 49.Qc4 Kg7 50.Qe2 Qa1
51.Qb2+ Qxb2 52.Rxb2 Kf6 53.Re2 h5 54.Kf3 a5 55.Rc2 a4 56.bxa4 Ke6 57.Ke3 h4
58.g4 h3 59.Rc3 Rd4 60.Ra3 Rd6 61.a5 Ra6 62.Ke4 Kd6 63.g5 Kc6 64.f5

[Event "I Torneo Cerrado Gipuzkoa Kirolak"]
[Site "Donostia"]
[Date "2010.12.29"]
[Round "6"]
[Board "1"]
[White "Gemy, Jose Daniel"]
[Black "Astasio Lopez, David"]
[Result "0-1"]
[WhiteElo "2316"]
[BlackElo "2332"]
[PlyCount "0"]
[EventDate "2010.12.26"]
[EventRounds "9"]
[EventCountry "ESP"]

1.d4 d5 2.c4 e6 3.Nc3 Nf6 4.cxd5 exd5 5.Bg5 Be7 6.e3 O-O 7.Bd3 Nbd7 8.Qc2 Re8
9.Nge2 c5 10.O-O h6 11.Bh4 a6 12.Rad1 c4 13.Bf5 b5 14.a3 Bb7 15.f3 Qb6 16.Bf2 a5
17.Nf4 Rad8 18.e4 b4 19.axb4 axb4 20.Nce2 Nf8 21.Ng3 b3 22.Qb1 Bb4 23.e5 N6h7
24.Bxh7+ Nxh7 25.Nf5 Ng5 26.Nh5 Bf8 27.h4 Nh7 28.Nhg3 Ra8 29.f4 Ra2 30.Ne3 Rea8
31.f5 Ra1 32.Qxa1 Rxa1 33.Rxa1 Qxd4 34.e6 fxe6 35.fxe6 Qxb2 36.Ra7 Qe5 37.Rxb7
Qxe6 38.Nef5 Nf6 39.Bd4 Nd7 40.Nh5 Qc6 41.Nxh6+ Kh7 42.Rxd7 Qxd7 43.Rf7 Qe6
44.Rxf8 Qxh6 45.Nxg7 Qc1+ 46.Kh2 b2 47.Ne6 b1=Q 48.Rf7+ Kh6 49.Nf4 Qh1+ 50.Kg3
Qbe1+ 51.Kf3 Qd1+

[Event "I Torneo Cerrado Gipuzkoa Kirolak"]
[Site "Donostia"]
[Date "2010.12.30"]
[Round "7"]
[Board "1"]
[White "Astasio Lopez, David"]
[Black "Velten, Paul"]
[Result "0-1"]
[WhiteElo "2332"]
[BlackElo "2257"]
[PlyCount "0"]
[EventDate "2010.12.26"]
[EventRounds "9"]
[EventCountry "ESP"]

1.d4 Nf6 2.Nf3 b6 3.c4 Bb7 4.Nc3 e6 5.Bg5 Bb4 6.Qc2 O-O 7.a3 Bxc3+ 8.Qxc3 d6
9.e3 Nbd7 10.Be2 Qe8 11.Qc2 Ne4 12.Bh4 f5 13.O-O Qh5 14.c5 Bd5 15.Be7 Rf7 16.Bh4
g5 17.Bg3 Qg6 18.cxd6 cxd6 19.Bd3 Ndf6 20.Nd2 Raf8 21.Nxe4 Nxe4 22.f3 Nxg3
23.hxg3 Qg7 24.Qf2 h5 25.Rac1 Qh6 26.Rfe1 h4 27.e4 fxe4 28.Bxe4 g4 29.Bxd5 exd5
30.Rc3 hxg3 31.Qxg3 Rg7 32.fxg4 Rh7 33.Rf3 Rxf3 34.gxf3 Qd2 35.Rf1 Qxd4+ 36.Kg2
Qxb2+ 37.Rf2 Qc1 38.Rf1 Qd2+ 39.Rf2 Qh6 40.Rf1 d4 41.g5 Qg6 42.Qg4 Rc7 43.Rf2 d3
44.f4 Qe4+ 45.Kg3 d2 46.g6 Rc3+ 47.Kh4 Qe1 48.Qg2 d1=Q 49.Qa8+ Kg7 50.Qb7+ Kxg6
51.Qg2+ Kf7 52.Kg5 Qe7+ 53.Kh6 Qh4+

[Event "I Torneo Cerrado Gipuzkoa Kirolak"]
[Site "Donostia"]
[Date "2010.12.30"]
[Round "7"]
[Board "1"]
[White "Del Rey, Diego"]
[Black "Gemy, Jose Daniel"]
[Result "1-0"]
[WhiteElo "2374"]
[BlackElo "2316"]
[PlyCount "0"]
[EventDate "2010.12.26"]
[EventRounds "9"]
[EventCountry "ESP"]

1.d4 e6 2.Nf3 Nf6 3.c4 b6 4.a3 Bb7 5.Nc3 Be7 6.d5 O-O 7.e4 d6 8.Nd4 Kh8 9.Bd3 c5
10.Nde2 exd5 11.exd5 Nbd7 12.b3 a6 13.a4 Bc8 14.O-O Ne5 15.Bc2 Bg4 16.f3 Bh5
17.f4 Ng6 18.h3 Qd7 19.Qd3 Bxe2 20.Qxe2 Rae8 21.Bb2 Ng8 22.Bd3 Bf6 23.Ne4 Bd4+
24.Bxd4 f5 25.Bc3 fxe4 26.Bxe4 Nxf4 27.Qe3 Qf5 28.Bxf5 Rxe3 29.Bd2 Ne2+ 30.Kh2
Rxb3 31.Bg4 Rxf1 32.Rxf1 Rb2 33.Bg5 h6 34.Bd8 g5 35.Rf2

[Event "I Torneo Cerrado Gipuzkoa Kirolak"]
[Site "Donostia"]
[Date "2010.12.30"]
[Round "7"]
[Board "1"]
[White "Kovacevic, Slobodan"]
[Black "Gonzalez De La Torre, Santiago"]
[Result "0-1"]
[WhiteElo "2330"]
[BlackElo "2412"]
[PlyCount "0"]
[EventDate "2010.12.26"]
[EventRounds "9"]
[EventCountry "ESP"]

1.d4 Nf6 2.Bf4 c5 3.e3 Qb6 4.Nc3 d6 5.h3 Qxb2 6.Nb5 Qb4+ 7.Qd2 Qxd2+ 8.Kxd2 Kd7
9.a4 g5 10.Bh2 Bg7 11.Bd3 a6 12.Na3 cxd4 13.exd4 Nc6 14.c3 Kc7 15.Nf3 h6 16.Nc4
g4 17.Nh4 Be6 18.a5 gxh3 19.gxh3 Bxc4 20.Bxc4 Ne4+ 21.Kc2 Nxf2 22.Rhf1 Nxh3
23.Bxf7 Ng5 24.Bh5 Raf8 25.Nf5 Bf6 26.Nh4 Rhg8 27.Ng6 Rc8 28.Kd3 Kb8 29.Bxd6+
exd6 30.Rxf6 d5 31.Rxc6 bxc6 32.Ne7 Ne4 33.Rb1+ Kc7 34.Nxg8 Rxg8 35.Rb6 Rg3+
36.Ke2 Rxc3 37.Bg6 Nd6 38.Bd3 Ra3 39.Rxa6 Rxd3 40.Ra7+ Kb8 41.Rd7 Rxd4 42.Rxd6
Kc7 43.Rxh6 Ra4 44.Rh7+ Kd6 45.Ra7 Kc5 46.Kd3 Ra3+ 47.Kc2 Kb5 48.Rb7+ Kxa5
49.Rb8 Rh3 50.Rb7 c5 51.Rd7 d4 52.Rb7 c4 53.Rb8 Rh2+ 54.Kc1 d3 55.Kb1 Ka4 56.Rb7
Ka3 57.Kc1 c3 58.Ra7+ Kb3 59.Rb7+ Ka4

[Event "I Torneo Cerrado Gipuzkoa Kirolak"]
[Site "Donostia"]
[Date "2010.12.30"]
[Round "7"]
[Board "1"]
[White "Argandona Riveiro, Inigo"]
[Black "Etchegaray, Patrice"]
[Result "1/2-1/2"]
[WhiteElo "2397"]
[BlackElo "2382"]
[PlyCount "0"]
[EventDate "2010.12.26"]
[EventRounds "9"]
[EventCountry "ESP"]

1.Nf3 c5 2.c4 Nc6 3.Nc3 g6 4.g3 Bg7 5.Bg2 e5 6.d3 Nge7 7.Nd2 d6 8.Nf1 Be6 9.Ne3
O-O 10.Ned5 Rb8 11.Bd2 a6 12.a4 a5 13.O-O Nb4 14.Qb3

[Event "I Torneo Cerrado Gipuzkoa Kirolak"]
[Site "Donostia"]
[Date "2010.12.30"]
[Round "7"]
[Board "1"]
[White "Ramiro Ovejero, Juan Luis"]
[Black "Martin Alvarez, Inigo"]
[Result "1/2-1/2"]
[WhiteElo "2381"]
[BlackElo "2292"]
[PlyCount "0"]
[EventDate "2010.12.26"]
[EventRounds "9"]
[EventCountry "ESP"]

1.e4 g6 2.d4 Bg7 3.Nc3 d6 4.Bg5 Nf6 5.Qd2 c6 6.f4 b5 7.Bd3 O-O 8.Nf3 Bg4 9.O-O
Qb6 10.f5 Bxf3 11.Rxf3 Qxd4+ 12.Be3 Qb4 13.a3 Qa5 14.Raf1 Nbd7 15.Bh6 Ne5 16.Rh3
Bxh6 17.Qxh6 b4 18.axb4 Qxb4 19.fxg6 fxg6 20.Rxf6 Rxf6 21.Qxh7+ Kf8 22.Qh8+ Kf7
23.Rh7+ Ke6 24.Qxa8 Qd4+ 25.Kh1 Qxd3 26.Qc8+ Nd7 27.Qg8+ Ke5 28.Rxe7+ Kd4 29.h3
Qf1+ 30.Kh2 Qf4+ 31.Kh1 Qf1+ 32.Kh2 Ne5 33.Rxe5 Qf4+ 34.Kg1 Qf1+ 35.Kh2 Qf4+
36.Kg1 Qxe5 37.Ne2+ Ke3 38.Qc4 Qxe4 39.Qc3+ Kxe2 40.Qxf6 Qe3+ 41.Kh1 Qc1+ 42.Kh2
Qxc2 43.Qxd6 Qe4

[Event "I Torneo Cerrado Gipuzkoa Kirolak"]
[Site "Donostia"]
[Date "2010.12.30"]
[Round "8"]
[Board "1"]
[White "Velten, Paul"]
[Black "Martin Alvarez, Inigo"]
[Result "1-0"]
[WhiteElo "2257"]
[BlackElo "2292"]
[PlyCount "0"]
[EventDate "2010.12.26"]
[EventRounds "9"]
[EventCountry "ESP"]

1.d4 Nf6 2.Nf3 c5 3.e3 cxd4 4.exd4 d5 5.Bd3 Nc6 6.c3 e6 7.O-O Bd6 8.Bg5 Bd7
9.Re1 Qb6 10.Qe2 O-O-O 11.b4 e5 12.dxe5 Nxe5 13.Nbd2 Rde8 14.Qf1 Kb8 15.Nxe5
Rxe5 16.Nf3 Rxe1 17.Rxe1 Rc8 18.Be3 Qc7 19.Bd4 Re8 20.Rxe8+ Bxe8 21.Qc1 Bxb4
22.Qe3

[Event "I Torneo Cerrado Gipuzkoa Kirolak"]
[Site "Donostia"]
[Date "2010.12.30"]
[Round "8"]
[Board "1"]
[White "Etchegaray, Patrice"]
[Black "Ramiro Ovejero, Juan Luis"]
[Result "1-0"]
[WhiteElo "2382"]
[BlackElo "2381"]
[PlyCount "0"]
[EventDate "2010.12.26"]
[EventRounds "9"]
[EventCountry "ESP"]

1.e4 c5 2.c3 b6 3.d4 Bb7 4.Bd3 Nf6 5.Nd2 cxd4 6.cxd4 Nc6 7.Ne2 e5 8.d5 Nb4 9.Bb1
Bc5 10.Nb3 h5 11.h3 h4 12.Nxc5 bxc5 13.a3 Na6 14.Nc3 Nh5 15.O-O d6 16.Bd3 Nc7
17.b4 cxb4 18.axb4 Nf4 19.Nb5 Nxb5 20.Bxb5+ Kf8 21.Bc6 Bxc6 22.dxc6 Rh6 23.Bxf4
exf4 24.Qg4 f3 25.Rfc1 Qc7 26.Qxf3 Rb8 27.Qe3

[Event "I Torneo Cerrado Gipuzkoa Kirolak"]
[Site "Donostia"]
[Date "2010.12.30"]
[Round "8"]
[Board "1"]
[White "Gonzalez De La Torre, Santiago"]
[Black "Argandona Riveiro, Inigo"]
[Result "0-1"]
[WhiteElo "2412"]
[BlackElo "2397"]
[PlyCount "0"]
[EventDate "2010.12.26"]
[EventRounds "9"]
[EventCountry "ESP"]

1.e4 c5 2.Nf3 g6 3.d4 cxd4 4.Nxd4 Nc6 5.Nc3 Bg7 6.Be3 Nf6 7.Bc4 O-O 8.Bb3 d6
9.f3 Bd7 10.Qd2 Nxd4 11.Bxd4 b5 12.Nd5 e6 13.Nxf6+ Bxf6 14.O-O Bxd4+ 15.Qxd4 a5
16.a3 Ra6 17.Rad1 Qb6 18.Rf2 Qxd4 19.Rxd4 Rc8 20.e5 d5 21.g4 Rac6 22.Rdd2 R8c7
23.Kf1 Rb6 24.Rd4 Rbc6 25.c3 Rb6 26.Rfd2 Rcb7 27.Ke2 b4 28.axb4 Bb5+ 29.Ke3 Ba6
30.g5 h5 31.Bd1 axb4 32.cxb4 Rxb4 33.Rxb4 Rxb4 34.b3 Rh4 35.f4 Kf8 36.b4 Bb5
37.Rf2 Rh3+ 38.Bf3 Rh4 39.h3 d4+ 40.Kxd4 Rxf4+ 41.Kc5 Bd3 42.b5 Ke7 43.Kc6 Kd8
44.Kb6 h4 45.Ka5 Kc7 46.b6+ Kb8 47.b7 Be4 48.Bxe4 Rxf2 49.Kb6 Re2 50.Bf3 Rxe5
51.Kc6 Rxg5

[Event "I Torneo Cerrado Gipuzkoa Kirolak"]
[Site "Donostia"]
[Date "2010.12.30"]
[Round "8"]
[Board "1"]
[White "Gemy, Jose Daniel"]
[Black "Kovacevic, Slobodan"]
[Result "1/2-1/2"]
[WhiteElo "2316"]
[BlackElo "2330"]
[PlyCount "0"]
[EventDate "2010.12.26"]
[EventRounds "9"]
[EventCountry "ESP"]

1.Nf3 c5 2.e3 Nf6 3.d4 e6 4.Be2 b6 5.O-O Bb7 6.c4 a6 7.Nc3 cxd4 8.exd4 d6 9.Bg5
Be7 10.Re1 O-O 11.b4 Nbd7 12.Qb3 Qc7 13.a4 h6 14.Bf4 Nh5 15.Be3 Nhf6 16.Bf4 Nh5
17.Be3 Nhf6 18.Bf4 Nh5 19.Be3

[Event "I Torneo Cerrado Gipuzkoa Kirolak"]
[Site "Donostia"]
[Date "2010.12.30"]
[Round "8"]
[Board "1"]
[White "Astasio Lopez, David"]
[Black "Del Rey, Diego"]
[Result "0-1"]
[WhiteElo "2332"]
[BlackElo "2374"]
[PlyCount "0"]
[EventDate "2010.12.26"]
[EventRounds "9"]
[EventCountry "ESP"]

1.d4 Nf6 2.Nf3 c5 3.e3 g6 4.dxc5 Qa5+ 5.Nbd2 Qxc5 6.a3 Qc7 7.b4 Bg7 8.Bb2 O-O
9.c4 d6 10.Be2 a5 11.O-O Nc6 12.Qb3 e5 13.Rfc1 axb4 14.axb4 Rxa1 15.Rxa1 h6
16.b5 Nd8 17.c5 dxc5 18.Bxe5 Qe7 19.Nc4 Ne4 20.Bd3 Ng5 21.Bxg7 Nxf3+ 22.gxf3
Kxg7 23.Qc3+ f6 24.Ra7 Rf7 25.Nd2 Bh3 26.Bc4 Qd7 27.Bf1 Bxf1 28.Nxf1 Ne6 29.f4
Qxb5 30.f5 Ng5 31.fxg6 Nf3+ 32.Kg2 Nh4+ 33.Kg3 Nxg6 34.Nd2 Qc6 35.Nf3 h5 36.Qc2
Qd5 37.Ra8 Re7 38.Ra4 b5 39.Rf4 Nxf4 40.exf4 c4 41.Qc3 Qd3 42.Qb4 Qg6+ 43.Ng5
Rb7 44.Qc3 Kg8 45.Qa5 Rf7 46.Qd8+ Kg7 47.Qd4 Qd3+

[Event "I Torneo Cerrado Gipuzkoa Kirolak"]
[Site "Donostia"]
[Date "2010.12.31"]
[Round "9"]
[Board "1"]
[White "Del Rey, Diego"]
[Black "Velten, Paul"]
[Result "0-1"]
[WhiteElo "2374"]
[BlackElo "2257"]
[PlyCount "0"]
[EventDate "2010.12.26"]
[EventRounds "9"]
[EventCountry "ESP"]

1.d4 d5 2.Bg5 Nd7 3.e3 Ngf6 4.Bd3 e5 5.f4 e4 6.Be2 c6 7.c4 h6 8.Bh4 g5 9.fxg5
hxg5 10.Bg3 dxc4 11.Bxc4 Nb6 12.Bb3 Bg4 13.Qd2 Bd6 14.Qf2 a5 15.a3 a4 16.Ba2 Ra5
17.d5 Nbxd5 18.Nd2 Nb4 19.axb4 Bxb4 20.Ngf3 exf3 21.gxf3 Qxd2+ 22.Qxd2 Bxd2+
23.Kxd2 Bxf3 24.Rhf1 Ne4+ 25.Kd3 g4 26.Bc7 Rah5 27.Kd4 Nc5 28.h3 R8h7 29.hxg4
Bxg4 30.Bd6 Ne6+ 31.Kc3 Kd7 32.Bg3 Rh3 33.Rg1 b5 34.Kb4 Nd8 35.b3 Be6 36.bxa4
bxa4 37.Rgd1+ Ke7 38.Bd6+ Ke8 39.Bc7 Nb7 40.Bf4 R7h4 41.Bxe6

[Event "I Torneo Cerrado Gipuzkoa Kirolak"]
[Site "Donostia"]
[Date "2010.12.31"]
[Round "9"]
[Board "1"]
[White "Kovacevic, Slobodan"]
[Black "Astasio Lopez, David"]
[Result "0-1"]
[WhiteElo "2330"]
[BlackElo "2332"]
[PlyCount "0"]
[EventDate "2010.12.26"]
[EventRounds "9"]
[EventCountry "ESP"]

1.d4 Nf6 2.Nf3 c5 3.d5 b5 4.Bg5 Ne4 5.Bf4 Qa5+ 6.Nbd2 Bb7 7.a4 Nxd2 8.Nxd2 Bxd5
9.axb5 Qd8 10.e4 Bb7 11.Bd3 d6 12.Nc4 Nd7 13.Na5 Qc7 14.O-O g6 15.Nxb7 Qxb7
16.Bc4 Rb8 17.Re1 Bg7 18.c3 O-O 19.Ra5 Nb6 20.Bf1 Qc7 21.Qa1 Rb7 22.Qa2 Rfb8
23.Ra1 Nc8 24.g3 e6 25.h4 h5 26.Qc4 Nb6 27.Qe2 Qe7 28.Qd1 Rd7 29.Qe2 Rbb7 30.Bg2
Rb8 31.Kh2 Rc8 32.Kg1 Rb8 33.Ra6 Rbb7 34.R1a2 Qf8 35.Bh3 Qe7 36.Bf1 Qd8 37.Be3
Qe7 38.Bg2 Rbc7 39.Bf4 Rb7 40.Bg5 Qf8 41.Qf1 Qb8 42.Qa1 Qc7 43.Bf4 Qb8 44.Qd1
Qd8 45.Qe2 Qe7 46.Bg5 Qf8 47.Bf4 Qe7 48.Bg5 Qf8 49.e5 d5 50.b3 Qb8 51.Bf4 c4
52.b4 Nc8 53.Bh3 Nb6 54.Qe3 Na8 55.R2a5 Rb6 56.Ra3 Rdb7 57.Rxb6 axb6 58.Qe1 Ra7
59.Qa1 Rxa3 60.Qxa3 Nc7 61.Qa4 Qa8 62.Qc2 Nxb5 63.Bxe6 fxe6 64.Qxg6 Nc7 65.Qxh5
Qe8 66.Qe2 Nb5 67.Qc2 Qh5 68.Be3 Qxe5 69.Bxb6 Nxc3 70.Qg6 d4 71.h5 Qe1+ 72.Kg2
Qe4+ 73.Qxe4 Nxe4 74.h6 Bh8 75.Kf3 c3 76.Bc7 e5 77.Kxe4

[Event "I Torneo Cerrado Gipuzkoa Kirolak"]
[Site "Donostia"]
[Date "2010.12.31"]
[Round "9"]
[Board "1"]
[White "Argandona Riveiro, Inigo"]
[Black "Gemy, Jose Daniel"]
[Result "1/2-1/2"]
[WhiteElo "2397"]
[BlackElo "2316"]
[PlyCount "0"]
[EventDate "2010.12.26"]
[EventRounds "9"]
[EventCountry "ESP"]

1.Nf3 Nf6 2.c4 c6 3.d4 d5 4.e3 a6 5.Bd3 g6 6.O-O Bg7 7.Nbd2 Bf5 8.Qc2 Bxd3
9.Qxd3 Nbd7 10.Rd1 O-O 11.e4 dxe4 12.Nxe4 Nxe4 13.Qxe4 Nf6 14.Qh4 Qa5 15.Bg5
Rad8 16.Rd3 Qf5 17.Rb3 b5 18.c5 Rfe8 19.Ne5 Qc8 20.Rh3 h5 21.Re1 Ng4 22.Nxg4
Qxg4 23.Qxg4 hxg4 24.Ra3 Bxd4 25.b4 a5 26.Rxa5 Bc3 27.Rb1 Bxb4 28.Ra6 Bxc5
29.Rxc6 Rd5 30.Bf4 Ra8 31.Rc1 Ba3 32.Rb1 Ra4 33.g3 Rc4 34.Rb6 Rc2 35.R6xb5 Rxb5
36.Rxb5 Bc5 37.a4 Bxf2+ 38.Kf1 f6 39.a5 Bd4 40.Ke1 Ra2 41.Bd2 e5 42.Rd5 Kf7
43.Rd6 Ke7 44.Rc6 Kf7 45.Rd6 g5 46.a6 Kg6 47.Kd1 Kf5 48.Bc1 Bc5 49.Rc6 Bd4
50.Rd6 Bg1 51.Rc6 Bd4 52.Rd6